<?xml version="1.0" encoding="UTF-8"?>
<record
    xmlns:xsi="http://www.w3.org/2001/XMLSchema-instance"
    xsi:schemaLocation="http://www.loc.gov/MARC21/slim http://www.loc.gov/standards/marcxml/schema/MARC21slim.xsd"
    xmlns="http://www.loc.gov/MARC21/slim">

  <leader>01066nam2a2200217   4500</leader>
  <controlfield tag="001">RU\NLR\BIBL_A\011497549</controlfield>
  <controlfield tag="005">20260408015855.0</controlfield>
  <datafield tag="035" ind1=" " ind2=" ">
    <subfield code="a">(NLR Aleph) 011497549</subfield>
  </datafield>
  <datafield tag="090" ind1=" " ind2=" ">
    <subfield code="a">11979598</subfield>
    <subfield code="c">11979599</subfield>
  </datafield>
  <datafield tag="100" ind1=" " ind2=" ">
    <subfield code="a">20171017d2006    |||y0rusy50      ca</subfield>
  </datafield>
  <datafield tag="101" ind1="0" ind2=" ">
    <subfield code="a">rus</subfield>
  </datafield>
  <datafield tag="102" ind1=" " ind2=" ">
    <subfield code="a">RU</subfield>
  </datafield>
  <datafield tag="200" ind1="1" ind2=" ">
    <subfield code="a">15 &#x43B;&#x435;&#x442; &#x418;&#x43D;&#x441;&#x442;&#x438;&#x442;&#x443;&#x442;&#x443; &#x43F;&#x440;&#x430;&#x43A;&#x442;&#x438;&#x447;&#x43D;&#x43E;&#x439; &#x43F;&#x441;&#x438;&#x445;&#x43E;&#x43B;&#x43E;&#x433;&#x438;&#x438; &#x438; &#x43F;&#x441;&#x438;&#x445;&#x43E;&#x430;&#x43D;&#x430;&#x43B;&#x438;&#x437;&#x430;</subfield>
  </datafield>
  <datafield tag="210" ind1=" " ind2=" ">
    <subfield code="d">2006</subfield>
    <subfield code="a">&#x411;. &#x43C;.</subfield>
  </datafield>
  <datafield tag="461" ind1=" " ind2="0">
    <subfield code="1">001RU\NLR\INFOCOMM10\1000191049</subfield>
    <subfield code="1">2001#$a&#x416;&#x443;&#x440;&#x43D;&#x430;&#x43B; &#x43F;&#x440;&#x430;&#x43A;&#x442;&#x438;&#x447;&#x435;&#x441;&#x43A;&#x43E;&#x433;&#x43E; &#x43F;&#x441;&#x438;&#x445;&#x43E;&#x43B;&#x43E;&#x433;&#x430;$f&#x423;&#x447;&#x440;&#x435;&#x434;&#x438;&#x442;&#x435;&#x43B;&#x44C;: &#x418;&#x437;&#x434;-&#x432;&#x43E; "&#x424;&#x43E;&#x43B;&#x438;&#x443;&#x43C;"$v&#x413;. 11 2006, &#x2116; 5 (&#x441;&#x43F;&#x435;&#x446;. &#x432;&#x44B;&#x43F;.)</subfield>
    <subfield code="9">3035650</subfield>
    <subfield code="c">&#x41C;.</subfield>
    <subfield code="d">1996-</subfield>
    <subfield code="f">&#x423;&#x447;&#x440;&#x435;&#x434;&#x438;&#x442;&#x435;&#x43B;&#x44C;: &#x418;&#x437;&#x434;-&#x432;&#x43E; "&#x424;&#x43E;&#x43B;&#x438;&#x443;&#x43C;"</subfield>
    <subfield code="t">&#x416;&#x443;&#x440;&#x43D;&#x430;&#x43B; &#x43F;&#x440;&#x430;&#x43A;&#x442;&#x438;&#x447;&#x435;&#x441;&#x43A;&#x43E;&#x433;&#x43E; &#x43F;&#x441;&#x438;&#x445;&#x43E;&#x43B;&#x43E;&#x433;&#x430;</subfield>
    <subfield code="x">1990-9349</subfield>
    <subfield code="v">&#x413;. 11 2006, &#x2116; 5 (&#x441;&#x43F;&#x435;&#x446;. &#x432;&#x44B;&#x43F;.)</subfield>
  </datafield>
  <datafield tag="712" ind1="0" ind2="2">
    <subfield code="4">570</subfield>
    <subfield code="a">&#x418;&#x43D;&#x441;&#x442;&#x438;&#x442;&#x443;&#x442; &#x43F;&#x440;&#x430;&#x43A;&#x442;&#x438;&#x447;&#x435;&#x441;&#x43A;&#x43E;&#x439; &#x43F;&#x441;&#x438;&#x445;&#x43E;&#x43B;&#x43E;&#x433;&#x438;&#x438; &#x438; &#x43F;&#x441;&#x438;&#x445;&#x43E;&#x430;&#x43D;&#x430;&#x43B;&#x438;&#x437;&#x430;</subfield>
    <subfield code="c">&#x41C;&#x43E;&#x441;&#x43A;&#x432;&#x430;</subfield>
    <subfield code="3">RU\NLR\AUTH\8810179114</subfield>
    <subfield code="9">854332</subfield>
  </datafield>
  <datafield tag="852" ind1=" " ind2=" ">
    <subfield code="a">NLR</subfield>
    <subfield code="j">&#x41F;25/241</subfield>
  </datafield>
  <datafield tag="942" ind1=" " ind2=" ">
    <subfield code="c">ISSUE</subfield>
  </datafield>
  <datafield tag="980" ind1=" " ind2=" ">
    <subfield code="a">NB</subfield>
  </datafield>
  <datafield tag="980" ind1=" " ind2=" ">
    <subfield code="a">RUSPER</subfield>
  </datafield>
</record>
